000 00333nam a2200133Ia 4500
005 20251222144859.0
008 251222s9999||||xx |||||||||||||| ||spa||
020 _a84-277-0241-8
082 _a155.4/L42
100 _aLeif, Joseph
245 0 _aTextos de Psicología del Niño y del Adolescente
264 _bMarcea
942 _cLIB
999 _c21891
_d21891